000 00206nam a2200073Ia 4500
008 180219s9999 xx 000 0 und d
100 _aMahapatra Damoder
245 0 _aSpecial Need Children In Regular Classroms
260 _aNew Delhi Kalyani
999 _c41341
_d41341